000 00309nam a22001457a 4500
008 210226b ||||| |||| 00| 0 eng d
020 _a9781516503018
041 _aeng
080 _a510
082 _a510
100 _a36
101 _aMAT
245 _aIntermediate Algebra
_cBaxter, M
942 _2udc
_cBK
999 _c55300
_d55300